00217nam a2200097Ia 4500008004100000041000800041100001300049245002800062650001000090999001900100230605s9999 xx 000 0 und d aeng aVassallo aSoup&starter perfection aF. P. c417475d417475